Statistics for Literally every skylander ever

Click here to take the quiz!

General Stats

  • This quiz has been taken 6 times
    (4 since last reset)
  • The average score is 115 of 442

Answer Stats

HintAnswer% Correct
TechBouncer
100%
WaterChill
100%
UndeadChop Chop
100%
Undead S2Chop Chop (Series 2)
100%
TechCountdown
100%
EarthCrusher
100%
Magic VDark Spyro
100%
TechDrill Sergeant
100%
Tech S2Drill Sergeant (Series 2)
100%
UndeadEye-Brawl
100%
FireFryno
100%
WaterGill Grunt
100%
Water S2Gill Grunt (Series 2)
100%
AirGusto
100%
FireHot Dog
100%
FireKa-Boom
100%
MagicNinjini
100%
MagicPop Fizz
100%
MagicSpyro
100%
Magic S2Spyro (Series 2)
100%
AirSwarm
100%
WaterThumpback
100%
AirThunderbolt
100%
LifeTree Rex
100%
TechTrigger Happy
100%
Tech S2Trigger Happy (Series 2)
100%
AirAir Strike
50%
LifeAmbush
50%
Water S3Anchors Away Gill Grunt
50%
LightAurora
50%
AirBad Juju
50%
EarthBarbella
50%
EarthBash
50%
Earth S2Bash (Series 2)
50%
Tech S3Big Bang Trigger Happy
50%
AirBlades
50%
MagicBlastermind
50%
LightBlaster-Tron
50%
FireBlast Zone
50%
Earth CVBlue Bash
50%
LifeBoom Bloom
50%
TechBoomer
50%
AirBoom Jet
50%
Air MiniBreeze
50%
MagicBuckshot
50%
LifeBumble Blast
50%
LifeBushwhack
50%
LifeCamo
50%
TechChain Reaction
50%
LifeChompy Mage
50%
UndeadChopscotch
50%
Magic CVChrome Spyro
50%
LifeCrash Bandicoot
50%
UndeadCynder
50%
Undead S2Cynder (Series 2)
50%
Fire VDark Blast Zone
50%
Magic VDark Mega Ram Spyro
50%
Earth VDark Slobber Tooth
50%
Water VDark Wash Buckler
50%
EarthDino-Rang
50%
EarthDoom Stone
50%
MagicDouble Trouble
50%
Magic S2Double Trouble (Series 2)
50%
TechDr. Krankcase
50%
TechDr. Neo Cortex
50%
TechDrobot
50%
Tech S2Drobot (Series 2)
50%
MagicDune Bug
50%
FireEmber
50%
MagicEnigma
50%
FireEruptor
50%
Fire S2Eruptor (Series 2)
50%
FireFire Kraken
50%
FireFlameslinger
50%
Fire S2Flameslinger (Series 2)
50%
FireFlarewolf
50%
EarthFlashwing
50%
AirFling Kong
50%
LifeFood Fight
50%
AirFree Ranger
50%
WaterFreeze Blade
50%
UndeadFright Rider
50%
TechGearshift
50%
UndeadGhost Roaster
50%
Life VGnarly Tree Rex
50%
EarthGolden Queen
50%
Earth VGranite Crusher
50%
WaterGrave Clobber
50%
Water CVGreen Gill Grunt
50%
LifeGrilla Drilla
50%
EarthHead Rush
50%
UndeadHex
50%
Undead S2Hex (Series 2)
50%
Fire S2Hog Wild Fryno
50%
DarkHood Sickle
50%
MagicHoot Loop
50%
FireHot Head
50%
FireIgnitor
50%
Fire S2Ignitor (Series 2)
50%
Earth VJade Flashwing
50%
TechJawbreaker
50%
AirJet-Vac
50%
Tech VKickoff Countdown
50%
WaterKing Pen
50%
LightKnight Light
50%
DarkKnight Mare
50%
UndeadKrypt King
50%
Earth VLegendary Bash
50%
Air VLegendary Blades
50%
Tech VLegendary Bouncer
50%
Water VLegendary Chill (LightCore)
50%
Undead VLegendary Chop Chop
50%
Fire VLegendary Ignitor
50%
Air VLegendary Jet-Vac
50%
Undead VLegendary Night Shift
50%
Magic VLegendary Spyro
50%
Life VLegendary Stealth Elf
50%
Tech VLegendary Trigger Happy
50%
Life VLegendary Zoo Lou
50%
Life LCLightCore Bumble Blast
50%
Water LCLightCore Chill
50%
Tech LCLightCore Drobot
50%
Fire LCLightCore Eruptor
50%
Undead LCLightCore Hex
50%
Air LCLightCore Jet-Vac
50%
Magic LCLightCore Pop Fizz
50%
Earth LCLightCore Prism Break
50%
Life LCLightCore Shroomboom
50%
Fire LCLightCore Smolderdash
50%
AirLightning Rod
50%
Air S2Lightning Rod (Series 2)
50%
TechMagna Charge
50%
Magic S3Mega Ram Spyro
50%
Fire VMolten Hot Dog
50%
MagicMysticat
50%
UndeadNight Shift
50%
Life S3Ninja Stealth Elf
50%
Water VNitro Freeze Blade
50%
Tech VNitro Magna Charge
50%
MagicPain-Yatta
50%
Air MiniPet Vac
50%
Undead S3Phantom Cynder
50%
UndeadPit Boss
50%
AirPop Thorn
50%
EarthPrism Break
50%
Earth S2Prism Break (Series 2)
50%
Undead CVPumpkin Eye-Brawl
50%
Magic VPunch Pop Fizz
50%
WaterPunk Shock
50%
UndeadRattle Shake
50%
Tech CVRed Drill Sergeant
50%
WaterRip Tide
50%
TechRo-Bow
50%
UndeadRoller Brawl
50%
EarthRubble Rouser
50%
Magic VScarlet Ninjini
50%
AirScratch
50%
UndeadShort Cut
50%
LifeShroomboom
50%
WaterSlam Bam
50%
Water S2Slam Bam (Series 2)
50%
EarthSlobber Tooth
50%
Fire MiniSmall Fry
50%
FireSmolderdash
50%
WaterSnap Shot
50%
AirSonic Boom
50%
Air S2Sonic Boom (Series 2)
50%
TechSprocket
50%
TechSpy Rise
50%
DarkStarcast
50%
LifeStealth Elf
50%
Life S2Stealth Elf (Series 2)
50%
LifeStink Bomb
50%
LifeStump Smash
50%
Life S2Stump Smash (Series 2)
50%
FireSunburn
50%
FireTae Kwon Crow
50%
EarthTerrafin
50%
Earth S2Terrafin (Series 2)
50%
WaterTidepool
50%
FireTorch
50%
FireTrailblazer
50%
MagicTrap Shadow
50%
EarthTri-Tip
50%
LifeTuff Luck
50%
Undead S3Twin Blade Chop Chop
50%
MagicVoodood
50%
AirWarnado
50%
WaterWash Buckler
50%
WaterWham Shell
50%
AirWhirlwind
50%
Air S2Whirlwind (Series 2)
50%
FireWildfire
50%
AirWild Storm
50%
TechWind-Up
50%
UndeadWolfgang
50%
MagicWrecking Ball
50%
Magic S2Wrecking Ball (Series 2)
50%
WaterZap
50%
Water S2Zap (Series 2)
50%
LifeZook
50%
Life S2Zook (Series 2)
50%
LifeZoo Lou
50%
LightAstroblast
0%
Life MiniBarkley
0%
Tech VehicleBarrel Blaster
0%
UndeadBat Spin
0%
MagicBig Bubble Pop Fizz
0%
Magic VBirthday Bash Big Bubble Pop Fizz
0%
DarkBlackout
0%
Water S2Blizzard Chill
0%
UndeadBone Bash Roller Brawl
0%
Earth MiniBop
0%
Magic CVBronze & Silver Trap Shadow
0%
Undead CVBronze Bone Bash Roller Brawl
0%
Fire CVBronze Hot Dog
0%
Undead Vehicle CVBronze Tomb Buggy
0%
Fire VehicleBurn-Cycle
0%
Life VehicleBuzz Wing
0%
Undead VCandy-Coated Chopscotch
0%
TechChopper
0%
Undead CVClear Short Cut
0%
Dark CVClear Starcast
0%
Air CVClear Thunderbolt
0%
Life CVClear Tuff Luck
0%
Air VehicleClown Cruiser
0%
MagicCobra Cadabra
0%
Undead VehicleCrypt Crusher
0%
Undead CVCrystal Clear Cynder
0%
Life CVCrystal Clear Stealth Elf
0%
Water CVCrystal Clear Wham Shell
0%
Air CVCrystal Clear Whirlwind
0%
Tech Vehicle VDark Barrel Blaster
0%
Air Vehicle VDark Clown Cruiser
0%
Life VDark Food Fight
0%
Earth VDark Golden Queen
0%
Fire VDark Hammer Slam Bowser
0%
Fire Vehicle VDark Hot Streak
0%
Water VDark King Pen
0%
Dark Vehicle VDark Sea Shadow
0%
Water VDark Snap Shot
0%
Fire VDark Spitfire
0%
Life VDark Stealth Elf
0%
Life VDark Super Shot Stealth Elf
0%
Life VDark Turbo Charge Donkey Kong
0%
Fire VDark Wildfire
0%
Undead VDark Wolfgang
0%
Fire CVDec-Ember
0%
WaterDeep Dive Gill Grunt
0%
MagicDeja Vu
0%
Water VehicleDive Bomber
0%
WaterDive-Clops
0%
TechDouble Dare Trigger Happy
0%
Tech MiniDrobit
0%
WaterEcho
0%
Air VEgg Bomber Air Strike
0%
Life VEggcited Thrillipede
0%
Fire Mini VEggsellent Weeruptor
0%
Tech EliteElite Boomer
0%
Undead EliteElite Chop Chop
0%
Earth EliteElite Dino-Rang
0%
Fire EliteElite Eruptor
0%
Undead EliteElite Ghost Roaster
0%
Water EliteElite Gill Grunt
0%
Water EliteElite Slam Bam
0%
Magic EliteElite Spyro
0%
Life EliteElite Stealth Elf
0%
Earth EliteElite Terrafin
0%
Tech EliteElite Trigger Happy
0%
Magic EliteElite Voodood
0%
Air EliteElite Whirlwind
0%
Life EliteElite Zook
0%
Magic VEnchanted Hoot Loop
0%
Magic VEnchanted Star Strike (LightCore)
0%
Fire Vehicle EEEvent Exclusive Hot Streak
0%
Earth EEEvent Exclusive LightCore Prism Break
0%
Undead MiniEye-Small
0%
UndeadFiesta
0%
Fire S2Fire Bone Hot Dog
0%
EarthFist Bump
0%
Magic S3Fizzy Frenzy Pop Fizz
0%
WaterFlip Wreck
0%
Tech CVFlocked Springtime Trigger Happy
0%
Life CVFlocked Stump Smash
0%
Undead VFrightful Fiesta
0%
Air S3Full Blast Jet-Vac
0%
UndeadFunny Bone
0%
Water MiniGill Runt
0%
Undead CVGlow-in-the-Dark Cynder
0%
Undead CVGlow-in-the-Dark Fright Rider
0%
Air CVGlow-in-the-Dark Sonic Boom
0%
Air CVGlow-in-the-Dark Warnado
0%
Magic CVGlow-in-the-Dark Wrecking Ball
0%
Water CVGlow-in-the-Dark Zap
0%
Life Mini VGnarly Barkley
0%
Earth CVGold & Bronze Doom Stone
0%
Undead CVGold Chop Chop
0%
Tech CVGold Drill Sergeant
0%
Fire CVGolden Flameslinger
0%
Fire Vehicle CVGolden Hot Streak
0%
Fire CVGold Fire Kraken
0%
Fire CVGold Flameslinger
0%
Tech VehicleGold Rusher
0%
Water CVGold Wash Buckler
0%
Undead CVGreen Chop Chop
0%
Fire EEGreen Flame Frito-Lay Fire Bone Hot Dog
0%
Water CVGreen Rip Tide
0%
Earth CVGreen Scorp
0%
UndeadGrim Creeper
0%
Undead CVHalloween Fright Rider
0%
FireHammer Slam Bowser
0%
Fire VHard-Boiled Flarewolf
0%
Tech S2Heavy Duty Sprocket
0%
Tech CVHeavy Metal Sprocket
0%
LifeHigh Five
0%
TechHigh Volt
0%
Undead MiniHijinx
0%
Air S3Horn Blast Whirlwind
0%
Fire VehicleHot Streak
0%
AirHurricane Jet-Vac
0%
Earth S3Hyper Beam Prism Break
0%
Fire VJade Fire Kraken
0%
Air VehicleJet Stream
0%
Life VJingle Bell Chompy Mage
0%
Life VJolly Bumble Blast
0%
Magic VKing Cobra Cadabra
0%
Earth S3Knockout Terrafin
0%
Fire S3Lava Barf Eruptor
0%
FireLava Lance Eruptor
0%
Light VLegendary Astroblast
0%
Undead VLegendary Bone Bash Roller Brawl
0%
Life VLegendary Bushwhack
0%
Magic VLegendary Deja Vu
0%
Air VLegendary Free Ranger
0%
Undead VLegendary Grim Creeper (LightCore)
0%
Air VLegendary Hurricane Jet Vac
0%
Tech VLegendary Jawbreaker
0%
Undead VLegendary Pit Boss
0%
Water VLegendary Slam Bam
0%
Light Vehicle VLegendary Sun Runner
0%
Earth VLegendary Tri-Tip
0%
Tech LCLightCore Countdown
0%
Earth LCLightCore Flashwing
0%
Undead LCLightCore Grim Creeper
0%
Magic LCLightCore Star Strike
0%
Air LCLightCore Warnado
0%
Water LCLightCore Wham Shell
0%
WaterLob-Star
0%
Magic VLove Potion Pop Fizz
0%
Undead CVMetallic Blue Chop Chop
0%
Water CVMetallic Green Gill Grunt
0%
Life CVMetallic Green Shroomboom
0%
Undead CVMetallic Purple Cynder
0%
Undead CVMetallic Purple Eye-Brawl
0%
Air CVMetallic Purple Lightning Rod
0%
Magic CVMetallic Purple Wrecking Ball
0%
Magic CVMetallic Red Dune Bug
0%
Magic MiniMinijini
0%
Water VMissile-Tow Dive-Clops
0%
Air VMystical Bad Juju
0%
Fire VMystical Tae Kwon Crow
0%
DarkNightfall
0%
Earth VNitro Head Rush
0%
Undead VNitro Krypt King
0%
Magic Vehicle VNitro Soda Skimmer
0%
Life Vehicle VNitro Stealth Striker
0%
Tech CVOrange Chain Reaction
0%
Fire Vehicle CVPatina Burn-Cycle
0%
Tech CVPatina High Volt
0%
Fire CVPatina Lava Lance Eruptor
0%
Tech Vehicle CVPatina Shield Striker
0%
Undead CVPearl Hex
0%
Earth CVPink Barbella
0%
Air VPolar Whirlwind
0%
Tech Vehicle VPower Blue Gold Rusher
0%
Magic VPower Blue Splat
0%
Magic Vehicle VPower Blue Splatter Splasher
0%
Tech VPower Blue Trigger Happy
0%
Air Mini VPower Punch Pet Vac
0%
Fire EEPurple Flame Frito-Lay Fire Bone Hot Dog
0%
Undead VQuick Draw Rattle Shake
0%
Life CVRed Camo
0%
Fire EERed Flame Frito-Lay Fire Bone Hot Dog
0%
Water VehicleReef Ripper
0%
Magic CVRock Candy Pain-Yatta
0%
EarthRocky Roll
0%
Magic VRoyal Double Trouble
0%
EarthScorp
0%
Dark VehicleSea Shadow
0%
EarthShark Shooter Terrafin
0%
Earth VehicleShark Tank
0%
Tech VehicleShield Striker
0%
Life CVSilver & Gold Stink Bomb
0%
Tech CVSilver Boomer
0%
Earth CVSilver Dino-Rang
0%
Fire CVSilver Eruptor
0%
Air VehicleSky Slicer
0%
EarthSmash Hit
0%
Air EESnow-Brite Stormblade
0%
Fire EESnowderdash
0%
Magic VehicleSoda Skimmer
0%
Light VSolar Flare Aurora
0%
Fire CVSparkle Hot Head
0%
Air CVSparkle Sonic Boom
0%
Tech CVSparkle Sprocket
0%
FireSpitfire
0%
MagicSplat
0%
Magic VehicleSplatter Splasher
0%
LightSpotlight
0%
Water Vehicle VSpring Ahead Dive Bomber
0%
Tech VSpringtime Trigger Happy
0%
Magic MiniSpry
0%
MagicStar Strike
0%
Life VehicleStealth Striker
0%
Dark VSteel Plated Hood Sickle
0%
Earth VSteel Plated Smash Hit
0%
Air CVStone Whirlwind
0%
Life CVStone Zook
0%
AirStormblade
0%
Light VehicleSun Runner
0%
Magic S2Super Gulp Pop Fizz
0%
LifeSuper Shot Stealth Elf
0%
Life S2Sure Shot Shroomboom
0%
Earth MiniTerrabite
0%
Life S2Thorn Horn Camo
0%
LifeThrillipede
0%
Water MiniThumpling
0%
Earth VehicleThump Truck
0%
Water S4Tidal Wave Gill Grunt
0%
Undead VehicleTomb Buggy
0%
TechTread Head
0%
Tech MiniTrigger Snappy
0%
LifeTurbo Charge Donkey Kong
0%
Air S2Turbo Jet-Vac
0%
Fire VVolcanic Eruptor
0%
EarthWallop
0%
Fire MiniWeeruptor
0%
Life MiniWhisper Elf
0%
Fire CVWhite Flocked Eruptor
0%
Earth CVWhite Flocked LightCore Prism Break
0%
Life CVWhite Flocked Stump Smash
0%
Water VWinterfest Lob-Star
0%

Score Distribution

Percentile by Number Answered

Percent of People with Each Score

Your Score History

You have not taken this quiz since the last reset